[Event "Sportaccord WMG Blindfold"]
[Site "Beijing CHN"]
[Date "2011.12.16"]
[Round "7"]
[White "Le, Quang Liem"]
[Black "Giri, Anish"]
[Result "0-1"]
[WhiteTitle "GM"]
[BlackTitle "GM"]
[WhiteElo "2714"]
[BlackElo "2714"]
[WhiteFideId "12401137"]
[BlackFideId "24116068"]
[EventDate "2011.12.14"]
[EventType "swiss (rapid)"]

1. Nf3 Nf6 2. g3 g6 3. b3 b6 4. Bg2 Bb7 5. Bb2 Bg7 6. O-O O-O 7. c4 c5 8. d4
cxd4 9. Qxd4 d6 10. Nc3 Nbd7 11. Rfd1 a6 12. Qe3 Rc8 13. Rac1 Re8 14. h3 Rc7 15.
Ne1 Qb8 16. Qd2 b5 17. Nd5 Rcc8 18. cxb5 Bxd5 19. Bxd5 Nxd5 20. Bxg7 Kxg7 21.
Qxd5 Nf6 22. Qd4 Qxb5 23. Nd3 a5 24. Qe3 Qb7 25. Qd2 Qb5 26. Nb2 d5 27. Nd3 d4
28. e3 Ne4 29. Qb2 Nc3 30. Rd2 e5 31. exd4 exd4 32. Nf4 Re4 33. Kh2 Qf5 34. Ng2
Re2 35. Rxe2 Nxe2 36. Re1 Rc2 37. Rxe2 Rxb2 38. Rxb2 Qd3 39. Nf4 Qd1 0-1